[Event "Turniej Blitza na II Lidze Juniorów 2018"]
[Site "Szczyrk, Poland"]
[Date "????.??.??"]
[Round "8.21"]
[White "Owoc, Jakub"]
[Black "Kukula, Karol"]
[Result "0-1"]
[TimeControl "3'+2\""]
[WhiteElo "1556"]
[BlackElo "1478"]

1. e4 {[%clk 00:03:03]} {[%emt 00:00:01]} Nf6 {[%clk 00:03:01]} {[%emt
00:00:03]} 2. e5 {[%clk 00:03:04]} {[%emt 00:00:01]} Nd5 {[%clk 00:03:02]} 3.
c4 {[%clk 00:03:06]} {[%emt 00:00:01]} Nb6 {[%clk 00:03:03]} 4. d4 {[%clk
00:03:07]} {[%emt 00:00:01]} d6 {[%clk 00:03:05]} 5. exd6 {[%clk 00:03:07]}
{[%emt 00:00:02]} exd6 {[%clk 00:03:06]} 6. Nc3 {[%clk 00:03:08]} {[%emt
00:00:02]} Nc6 {[%clk 00:03:07]} {[%emt 00:00:01]} 7. Nf3 {[%clk 00:03:06]}
{[%emt 00:00:04]} Bg4 {[%clk 00:03:08]} {[%emt 00:00:01]} 8. Be3 {[%clk
00:03:06]} {[%emt 00:00:02]} Be7 {[%clk 00:03:06]} {[%emt 00:00:04]} 9. Be2
{[%clk 00:03:06]} {[%emt 00:00:02]} O-O {[%clk 00:03:06]} {[%emt 00:00:02]} 10.
d5 {[%clk 00:03:05]} {[%emt 00:00:04]} Bxf3 {[%clk 00:03:02]} {[%emt 00:00:05]}
11. dxc6 {[%clk 00:02:49]} {[%emt 00:00:18]} Bxc6 {[%clk 00:03:02]} {[%emt
00:00:02]} 12. O-O {[%clk 00:02:42]} {[%emt 00:00:09]} Bf6 {[%clk 00:02:59]}
{[%emt 00:00:05]} 13. Bd3 {[%clk 00:02:36]} {[%emt 00:00:07]} Re8 {[%clk
00:02:52]} {[%emt 00:00:10]} 14. Qh5 {[%clk 00:02:35]} {[%emt 00:00:03]} g6
{[%clk 00:02:52]} {[%emt 00:00:02]} 15. Qh3 {[%clk 00:02:26]} {[%emt 00:00:10]}
Bg7 {[%clk 00:02:52]} {[%emt 00:00:04]} 16. Bh6 {[%clk 00:02:20]} {[%emt
00:00:08]} Qd7 {[%clk 00:02:52]} {[%emt 00:00:02]} 17. Qh4 {[%clk 00:02:06]}
{[%emt 00:00:15]} Qe7 {[%clk 00:02:45]} {[%emt 00:00:09]} 18. Qh3 {[%clk
00:02:02]} {[%emt 00:00:06]} Bd7 {[%clk 00:02:42]} {[%emt 00:00:06]} 19. Qe3
{[%clk 00:01:59]} {[%emt 00:00:04]} Qxe3 {[%clk 00:02:40]} {[%emt 00:00:04]} 20.
Bxe3 {[%clk 00:02:00]} {[%emt 00:00:01]} Bc6 {[%clk 00:02:35]} {[%emt
00:00:07]} 21. Rab1 {[%clk 00:01:48]} {[%emt 00:00:14]} Bxc3 {[%clk 00:02:08]}
{[%emt 00:00:29]} 22. bxc3 {[%clk 00:01:47]} {[%emt 00:00:02]} Be4 {[%clk
00:02:09]} 23. Bxe4 {[%clk 00:01:41]} {[%emt 00:00:09]} Rxe4 {[%clk 00:02:10]}
24. c5 {[%clk 00:01:42]} {[%emt 00:00:02]} dxc5 {[%clk 00:02:10]} {[%emt
00:00:02]} 25. Bxc5 {[%clk 00:01:43]} {[%emt 00:00:01]} Rc4 {[%clk 00:01:43]}
{[%emt 00:00:29]} 26. Bd4 {[%clk 00:01:32]} {[%emt 00:00:12]} Ra4 {[%clk
00:01:28]} {[%emt 00:00:18]} 27. Rb2 {[%clk 00:01:28]} {[%emt 00:00:06]} Re8
{[%clk 00:01:29]} {[%emt 00:00:01]} 28. f3 {[%clk 00:01:23]} {[%emt 00:00:08]}
f5 {[%clk 00:01:18]} {[%emt 00:00:13]} 29. Rd1 {[%clk 00:01:15]} {[%emt
00:00:08]} Kf7 {[%clk 00:01:02]} {[%emt 00:00:19]} 30. h4 {[%clk 00:01:08]}
{[%emt 00:00:09]} Rc4 {[%clk 00:00:58]} {[%emt 00:00:06]} 31. Rc2 {[%clk
00:00:53]} {[%emt 00:00:17]} c6 {[%clk 00:00:35]} {[%emt 00:00:25]} 32. Bf2
{[%clk 00:00:45]} {[%emt 00:00:09]} Nd5 {[%clk 00:00:26]} {[%emt 00:00:12]} 33.
Rd3 {[%clk 00:00:39]} {[%emt 00:00:09]} a6 {[%clk 00:00:22]} {[%emt 00:00:06]}
34. Kh2 {[%clk 00:00:34]} {[%emt 00:00:06]} Re7 {[%clk 00:00:23]} 35. Kg3
{[%clk 00:00:27]} {[%emt 00:00:07]} Nb4 {[%clk 00:00:21]} {[%emt 00:00:07]} 36.
Rcd2 {[%clk 00:00:14]} {[%emt 00:00:14]} Nxd3 {[%clk 00:00:22]} {[%emt
00:00:01]} 37. Rxd3 Ra4 {[%clk 00:00:20]} {[%emt 00:00:05]} 38. Rd2 {[%clk
00:00:16]} {[%emt 00:00:01]} Ra3 {[%emt 00:00:06]} 39. Bc5 {[%clk 00:00:15]}
{[%emt 00:00:03]} Rxc3 {[%emt 00:00:01]} 40. Bxe7 {[%clk 00:00:15]} {[%emt
00:00:03]} Kxe7 {[%clk 00:00:18]} 41. Re2+ {[%clk 00:00:15]} {[%emt 00:00:02]}
Kf7 {[%clk 00:00:19]} {[%emt 00:00:01]} 42. Rd2 {[%clk 00:00:17]} Re3 {[%clk
00:00:20]} {[%emt 00:00:02]} 43. Rd7+ {[%clk 00:00:17]} Re7 {[%clk 00:00:21]}
44. Rd2 {[%clk 00:00:18]} {[%emt 00:00:02]} c5 {[%clk 00:00:22]} {[%emt
00:00:02]} 45. Rc2 {[%emt 00:00:01]} Rc7 {[%clk 00:00:23]} 46. Kf2 {[%clk
00:00:19]} {[%emt 00:00:02]} b5 {[%clk 00:00:24]} {[%emt 00:00:01]} 47. Ke3
{[%clk 00:00:21]} c4 {[%emt 00:00:01]} 48. Kd4 {[%clk 00:00:22]} Ke6 {[%clk
00:00:26]} 49. Re2+ {[%clk 00:00:23]} {[%emt 00:00:01]} Kd6 {[%clk 00:00:28]}
50. Rc2 {[%clk 00:00:24]} {[%emt 00:00:02]} c3 {[%clk 00:00:29]} {[%emt
00:00:01]} 51. a3 {[%clk 00:00:21]} {[%emt 00:00:05]} Rc6 {[%clk 00:00:29]}
{[%emt 00:00:02]} 52. Kd3 {[%clk 00:00:22]} Kd5 {[%clk 00:00:30]} {[%emt
00:00:01]} 53. g3 {[%clk 00:00:23]} {[%emt 00:00:01]} Rc5 {[%clk 00:00:31]} 54.
Ke2 {[%clk 00:00:22]} {[%emt 00:00:04]} Kd4 {[%clk 00:00:31]} 55. Kd1 {[%clk
00:00:23]} Kd3 {[%clk 00:00:32]} {[%emt 00:00:01]} 56. Rf2 {[%clk 00:00:18]}
{[%emt 00:00:06]} Re5 {[%clk 00:00:29]} {[%emt 00:00:07]} 57. g4 {[%clk
00:00:11]} {[%emt 00:00:09]} fxg4 58. fxg4 {[%clk 00:00:12]} Re4 {[%clk
00:00:23]} {[%emt 00:00:01]} 59. Rg2 {[%clk 00:00:12]} {[%emt 00:00:02]} Re3
{[%clk 00:00:24]} {[%emt 00:00:01]} 60. h5 {[%clk 00:00:07]} {[%emt 00:00:07]}
Rh3 {[%clk 00:00:25]} 61. hxg6 {[%clk 00:00:07]} {[%emt 00:00:03]} Rh1+ {[%clk
00:00:26]} 62. Rg1 {[%clk 00:00:08]} {[%emt 00:00:02]} Rxg1# {[%clk 00:00:27]}
0-1

[Event "Turniej Blitza na II Lidze Juniorów 2018"]
[Site "Szczyrk, Poland"]
[Date "????.??.??"]
[Round "8.31"]
[White "Syrkiewicz, Michal"]
[Black "Bar, Klaudia"]
[Result "1-0"]
[TimeControl "3'+2\""]
[WhiteElo "1518"]
[BlackElo "1337"]

1. e4 {[%clk 00:03:01]} {[%emt 00:00:03]} c5 {[%clk 00:03:03]} {[%emt
00:00:01]} 2. Nf3 {[%clk 00:03:03]} g6 {[%clk 00:03:04]} {[%emt 00:00:01]} 3.
d4 {[%clk 00:03:04]} cxd4 {[%clk 00:03:05]} {[%emt 00:00:02]} 4. Nxd4 {[%clk
00:03:05]} Bg7 {[%clk 00:03:06]} 5. c4 {[%clk 00:03:07]} {[%emt 00:00:01]} Nf6
{[%clk 00:03:05]} {[%emt 00:00:02]} 6. Nc3 {[%clk 00:03:08]} {[%emt 00:00:01]}
Nc6 {[%clk 00:03:06]} {[%emt 00:00:01]} 7. Be3 {[%clk 00:03:09]} Nxd4 {[%clk
00:03:01]} {[%emt 00:00:08]} 8. Bxd4 {[%clk 00:03:10]} {[%emt 00:00:01]} d6
{[%clk 00:02:58]} {[%emt 00:00:05]} 9. f3 {[%clk 00:03:10]} {[%emt 00:00:02]}
O-O {[%clk 00:02:56]} {[%emt 00:00:04]} 10. Be2 {[%clk 00:03:10]} {[%emt
00:00:01]} Be6 {[%clk 00:02:56]} {[%emt 00:00:03]} 11. O-O {[%clk 00:03:09]}
{[%emt 00:00:03]} Rc8 {[%clk 00:02:57]} 12. b3 {[%clk 00:03:10]} a5 {[%clk
00:02:46]} {[%emt 00:00:13]} 13. Rc1 {[%clk 00:03:00]} {[%emt 00:00:12]} Nd7
{[%clk 00:02:39]} {[%emt 00:00:09]} 14. Bxg7 {[%clk 00:02:39]} {[%emt
00:00:23]} Kxg7 {[%clk 00:02:40]} 15. Nd5 {[%clk 00:02:40]} {[%emt 00:00:01]}
Bxd5 {[%clk 00:02:31]} {[%emt 00:00:10]} 16. exd5 {[%clk 00:02:41]} {[%emt
00:00:02]} Nc5 {[%clk 00:02:30]} {[%emt 00:00:02]} 17. f4 {[%clk 00:02:37]}
{[%emt 00:00:06]} a4 {[%clk 00:02:25]} {[%emt 00:00:07]} 18. b4 {[%clk
00:02:27]} {[%emt 00:00:13]} Na6 {[%clk 00:02:09]} {[%emt 00:00:17]} 19. Qxa4
{[%clk 00:02:23]} {[%emt 00:00:07]} Ra8 {[%clk 00:02:09]} 20. Qb3 {[%clk
00:02:22]} {[%emt 00:00:03]} Qb6+ {[%clk 00:02:05]} {[%emt 00:00:06]} 21. Kh1
{[%clk 00:02:18]} {[%emt 00:00:07]} Qxb4 {[%clk 00:02:05]} {[%emt 00:00:01]} 22.
Qd1 {[%clk 00:02:10]} {[%emt 00:00:09]} Nc5 {[%clk 00:02:05]} {[%emt 00:00:03]}
23. Qd4+ {[%clk 00:01:56]} {[%emt 00:00:17]} f6 {[%clk 00:02:03]} {[%emt
00:00:04]} 24. Ra1 {[%clk 00:01:47]} {[%emt 00:00:11]} Ra6 {[%clk 00:01:49]}
{[%emt 00:00:14]} 25. Qe3 {[%clk 00:01:27]} {[%emt 00:00:24]} Kf7 {[%clk
00:01:46]} {[%emt 00:00:03]} 26. f5 {[%clk 00:01:10]} {[%emt 00:00:21]} gxf5
{[%clk 00:01:35]} {[%emt 00:00:13]} 27. Qh6 {[%clk 00:01:02]} {[%emt 00:00:10]}
Rh8 {[%clk 00:01:25]} {[%emt 00:00:12]} 28. Bh5+ {[%clk 00:00:48]} {[%emt
00:00:16]} Kg8 {[%clk 00:01:25]} 29. Rxf5 {[%clk 00:00:34]} {[%emt 00:00:17]}
Rxa2 {[%clk 00:01:10]} {[%emt 00:00:17]} 30. Rg5+ {[%clk 00:00:27]} {[%emt
00:00:06]} fxg5 {[%clk 00:01:09]} {[%emt 00:00:06]} 31. Qxg5+ {[%clk 00:00:27]}
{[%emt 00:00:01]} Kf8 {[%clk 00:01:08]} {[%emt 00:00:03]} 32. Qf5+ {[%clk
00:00:24]} {[%emt 00:00:04]} Kg7 {[%clk 00:01:07]} {[%emt 00:00:03]} 33. Qg5+
{[%clk 00:00:21]} {[%emt 00:00:06]} Kf8 {[%clk 00:01:02]} {[%emt 00:00:07]} 34.
Rf1+ {[%clk 00:00:20]} {[%emt 00:00:02]} Rf2 {[%clk 00:01:02]} {[%emt
00:00:04]} 35. Rxf2# {[%clk 00:00:21]} {[%emt 00:00:01]} 1-0

[Event "Turniej Blitza na II Lidze Juniorów 2018"]
[Site "Szczyrk, Poland"]
[Date "????.??.??"]
[Round "8.40"]
[White "Urbanski, Wojciech"]
[Black "Kebel, Bartosz"]
[Result "0-1"]
[TimeControl "3'+2\""]
[WhiteElo "1472"]
[BlackElo "1283"]

1. e4 {[%clk 00:03:03]} c5 {[%clk 00:03:04]} {[%emt 00:00:01]} 2. Nf3 {[%clk
00:03:04]} {[%emt 00:00:01]} Nc6 {[%clk 00:03:05]} 3. d4 {[%clk 00:03:05]}
{[%emt 00:00:01]} cxd4 {[%clk 00:03:07]} 4. Nxd4 {[%clk 00:03:06]} {[%emt
00:00:01]} e5 {[%clk 00:03:08]} 5. Nb5 {[%emt 00:00:02]} d6 6. N1c3 {[%clk
00:03:08]} a6 {[%clk 00:03:11]} 7. Na3 {[%clk 00:03:09]} {[%emt 00:00:02]} Be7
{[%clk 00:03:13]} 8. Nd5 {[%clk 00:03:06]} {[%emt 00:00:04]} Nf6 {[%clk
00:03:14]} {[%emt 00:00:01]} 9. f3 {[%clk 00:03:02]} {[%emt 00:00:05]} Nxd5
{[%clk 00:03:12]} {[%emt 00:00:04]} 10. Qxd5 {[%clk 00:03:03]} {[%emt
00:00:02]} Be6 {[%clk 00:03:12]} {[%emt 00:00:03]} 11. Qd1 {[%clk 00:03:03]}
O-O {[%clk 00:03:09]} {[%emt 00:00:04]} 12. Be3 {[%clk 00:03:04]} d5 {[%clk
00:03:07]} {[%emt 00:00:05]} 13. exd5 {[%clk 00:02:52]} {[%emt 00:00:14]} Bxd5
{[%clk 00:03:04]} {[%emt 00:00:05]} 14. Be2 {[%clk 00:02:51]} {[%emt 00:00:03]}
Bf6 {[%clk 00:03:01]} {[%emt 00:00:04]} 15. O-O {[%clk 00:02:51]} {[%emt
00:00:02]} e4 {[%clk 00:03:02]} {[%emt 00:00:02]} 16. c3 {[%clk 00:02:49]}
{[%emt 00:00:04]} exf3 {[%clk 00:02:56]} {[%emt 00:00:08]} 17. Bxf3 {[%clk
00:02:50]} Bxf3 {[%clk 00:02:57]} 18. Qxf3 {[%clk 00:02:50]} {[%emt 00:00:02]}
Ne5 {[%clk 00:02:57]} {[%emt 00:00:02]} 19. Qg3 {[%clk 00:02:36]} {[%emt
00:00:17]} Nd3 {[%clk 00:02:50]} {[%emt 00:00:08]} 20. Rad1 {[%clk 00:02:32]}
{[%emt 00:00:06]} Be5 {[%clk 00:02:31]} {[%emt 00:00:20]} 21. Rxd3 {[%clk
00:02:17]} {[%emt 00:00:18]} Qxd3 {[%clk 00:02:19]} {[%emt 00:00:14]} 22. Qxe5
{[%clk 00:02:17]} {[%emt 00:00:02]} Rfe8 {[%clk 00:02:19]} {[%emt 00:00:01]} 23.
Qd4 {[%clk 00:01:51]} {[%emt 00:00:28]} Qxe3+ {[%emt 00:00:03]} 24. Qxe3 {[%clk
00:01:51]} Rxe3 {[%clk 00:02:21]} {[%emt 00:00:01]} 25. Kh1 {[%clk 00:01:55]}
Re2 {[%clk 00:02:23]} {[%emt 00:00:01]} 26. Nc4 {[%clk 00:01:55]} {[%emt
00:00:02]} b5 {[%clk 00:02:23]} {[%emt 00:00:02]} 27. Nb6 {[%clk 00:01:50]}
{[%emt 00:00:06]} Rae8 {[%clk 00:02:17]} {[%emt 00:00:08]} 28. h3 {[%clk
00:01:48]} {[%emt 00:00:05]} Rxb2 {[%clk 00:02:17]} {[%emt 00:00:02]} 29. a4
{[%clk 00:01:47]} {[%emt 00:00:03]} Ree2 {[%clk 00:02:01]} {[%emt 00:00:18]} 30.
Rd1 {[%clk 00:01:47]} {[%emt 00:00:01]} Rbd2 {[%clk 00:02:02]} 31. Ra1 {[%clk
00:01:43]} {[%emt 00:00:06]} bxa4 {[%clk 00:01:56]} {[%emt 00:00:09]} 32. Rxa4
{[%clk 00:01:41]} {[%emt 00:00:04]} g6 {[%clk 00:01:56]} {[%emt 00:00:03]} 33.
Rxa6 Rxg2 34. c4 {[%clk 00:01:40]} {[%emt 00:00:02]} Rge2 {[%clk 00:01:52]}
{[%emt 00:00:08]} 35. Ra1 {[%clk 00:01:40]} Rc2 {[%clk 00:01:53]} {[%emt
00:00:01]} 36. Rd1 {[%clk 00:01:34]} {[%emt 00:00:08]} Re6 {[%clk 00:01:50]}
{[%emt 00:00:05]} 37. Nd5 {[%clk 00:01:20]} {[%emt 00:00:16]} Rxc4 {[%clk
00:01:46]} {[%emt 00:00:05]} 38. Rf1 {[%clk 00:01:16]} {[%emt 00:00:06]} Rc2
{[%clk 00:01:31]} {[%emt 00:00:17]} 39. Nf6+ {[%clk 00:01:17]} {[%emt
00:00:02]} Kg7 {[%clk 00:01:28]} {[%emt 00:00:02]} 40. Ng4 {[%clk 00:01:18]}
{[%emt 00:00:04]} Ree2 {[%clk 00:01:02]} {[%emt 00:00:21]} 41. h4 {[%clk
00:01:19]} {[%emt 00:00:08]} h5 {[%clk 00:00:57]} {[%emt 00:00:07]} 42. Rg1
{[%clk 00:01:01]} {[%emt 00:00:21]} hxg4 {[%clk 00:00:56]} {[%emt 00:00:02]} 43.
h5 {[%clk 00:01:02]} gxh5 {[%clk 00:00:55]} {[%emt 00:00:04]} 44. Rg2 {[%clk
00:01:03]} Rc1+ {[%clk 00:00:52]} {[%emt 00:00:05]} 45. Rg1 {[%clk 00:01:04]}
Rxg1+ {[%clk 00:00:52]} {[%emt 00:00:02]} 46. Kxg1 {[%clk 00:01:06]} f5 {[%clk
00:00:46]} {[%emt 00:00:07]} 47. Kf1 {[%clk 00:01:07]} Ra2 {[%clk 00:00:47]}
{[%emt 00:00:01]} 48. Kg1 {[%clk 00:01:08]} f4 {[%clk 00:00:48]} 49. Kf1 {[%clk
00:01:10]} f3 {[%clk 00:00:49]} 50. Kg1 {[%clk 00:01:11]} {[%emt 00:00:02]} g3
{[%clk 00:00:51]} {[%emt 00:00:01]} 0-1

[Event "Turniej Blitza na II Lidze Juniorów 2018"]
[Site "Szczyrk, Poland"]
[Date "????.??.??"]
[Round "8.47"]
[White "Grzybek, Mikolaj"]
[Black "Kupczak, Antoni"]
[Result "0-1"]
[TimeControl "3'+2\""]
[WhiteElo "1243"]
[BlackElo "1566"]

1. e4 {[%clk 00:03:03]} e6 {[%clk 00:03:01]} {[%emt 00:00:04]} 2. d4 {[%clk
00:03:02]} {[%emt 00:00:02]} d5 {[%clk 00:03:03]} 3. exd5 {[%clk 00:03:03]}
{[%emt 00:00:02]} exd5 {[%clk 00:03:04]} {[%emt 00:00:01]} 4. Nf3 {[%clk
00:03:03]} {[%emt 00:00:01]} Bg4 {[%clk 00:03:05]} {[%emt 00:00:01]} 5. Be3
{[%clk 00:03:02]} {[%emt 00:00:04]} Be7 {[%clk 00:03:05]} {[%emt 00:00:02]} 6.
h3 {[%emt 00:00:01]} Bh5 7. c4 {[%clk 00:02:58]} {[%emt 00:00:06]} Nf6 {[%clk
00:03:06]} {[%emt 00:00:02]} 8. Nc3 {[%clk 00:02:59]} {[%emt 00:00:02]} O-O
{[%clk 00:02:59]} {[%emt 00:00:09]} 9. Be2 {[%clk 00:02:50]} {[%emt 00:00:11]}
Re8 {[%clk 00:02:58]} {[%emt 00:00:03]} 10. O-O {[%clk 00:02:49]} {[%emt
00:00:02]} c6 {[%clk 00:02:59]} {[%emt 00:00:01]} 11. cxd5 {[%clk 00:02:44]}
{[%emt 00:00:08]} Nxd5 {[%clk 00:02:58]} {[%emt 00:00:03]} 12. Nxd5 {[%clk
00:02:17]} {[%emt 00:00:29]} Qxd5 {[%clk 00:02:51]} {[%emt 00:00:08]} 13. Nd2
{[%clk 00:02:16]} {[%emt 00:00:03]} Bxe2 {[%clk 00:02:50]} {[%emt 00:00:03]} 14.
Qxe2 {[%clk 00:02:17]} {[%emt 00:00:02]} Bg5 {[%clk 00:02:40]} {[%emt
00:00:11]} 15. Qc4 {[%clk 00:02:04]} {[%emt 00:00:15]} Bxe3 {[%clk 00:02:29]}
{[%emt 00:00:13]} 16. fxe3 {[%clk 00:02:05]} {[%emt 00:00:01]} Rxe3 {[%clk
00:02:20]} {[%emt 00:00:11]} 17. Qxd5 {[%clk 00:02:06]} {[%emt 00:00:02]} cxd5
{[%clk 00:02:20]} {[%emt 00:00:01]} 18. Rae1 {[%clk 00:02:07]} Rxe1 {[%clk
00:02:20]} {[%emt 00:00:03]} 19. Rxe1 {[%clk 00:02:08]} {[%emt 00:00:01]} Nc6
{[%clk 00:02:21]} 20. Nf3 {[%clk 00:02:00]} {[%emt 00:00:10]} f6 {[%clk
00:02:17]} {[%emt 00:00:05]} 21. Kf2 {[%clk 00:02:00]} {[%emt 00:00:01]} Kf7
{[%clk 00:02:19]} 22. a3 {[%clk 00:01:57]} {[%emt 00:00:06]} Re8 {[%clk
00:02:00]} {[%emt 00:00:22]} 23. Rc1 {[%clk 00:01:45]} {[%emt 00:00:10]} Re4
{[%clk 00:01:56]} {[%emt 00:00:08]} 24. Kf1 {[%clk 00:01:22]} {[%emt 00:00:26]}
Ke7 {[%clk 00:01:56]} {[%emt 00:00:02]} 25. Re1 {[%clk 00:01:15]} {[%emt
00:00:10]} Rxe1+ {[%clk 00:01:42]} {[%emt 00:00:15]} 26. Kxe1 {[%clk 00:01:16]}
Ke6 {[%clk 00:01:42]} {[%emt 00:00:04]} 27. Ke2 {[%clk 00:01:16]} {[%emt
00:00:02]} Kf5 {[%clk 00:01:41]} {[%emt 00:00:02]} 28. Ke3 {[%clk 00:01:11]}
{[%emt 00:00:06]} Na5 {[%clk 00:01:43]} {[%emt 00:00:02]} 29. g4+ {[%clk
00:01:05]} {[%emt 00:00:08]} Ke6 {[%clk 00:01:41]} {[%emt 00:00:03]} 30. Nd2
{[%clk 00:01:07]} {[%emt 00:00:01]} Nc4+ {[%clk 00:01:27]} {[%emt 00:00:16]} 31.
Nxc4 {[%clk 00:01:06]} {[%emt 00:00:03]} dxc4 {[%clk 00:01:27]} {[%emt
00:00:01]} 32. Ke4 {[%clk 00:01:07]} g6 {[%clk 00:01:24]} {[%emt 00:00:06]} 33.
a4 {[%clk 00:01:02]} {[%emt 00:00:07]} a6 {[%clk 00:01:23]} {[%emt 00:00:03]}
34. d5+ {[%clk 00:01:03]} Kd6 {[%clk 00:01:24]} 35. Kd4 {[%clk 00:01:02]}
{[%emt 00:00:02]} b5 {[%clk 00:01:26]} 36. a5 {[%clk 00:00:54]} {[%emt
00:00:12]} h6 {[%clk 00:01:23]} {[%emt 00:00:04]} 37. h4 {[%clk 00:00:54]}
{[%emt 00:00:01]} f5 {[%clk 00:01:18]} {[%emt 00:00:08]} 38. g5 {[%clk
00:00:46]} {[%emt 00:00:10]} h5 {[%clk 00:01:12]} {[%emt 00:00:07]} 39. Ke3
{[%clk 00:00:23]} {[%emt 00:00:25]} Kxd5 {[%clk 00:01:11]} {[%emt 00:00:04]} 40.
Kf4 {[%clk 00:00:24]} {[%emt 00:00:01]} Kd4 {[%clk 00:01:10]} {[%emt 00:00:02]}
41. Kf3 {[%clk 00:00:24]} {[%emt 00:00:02]} b4 {[%clk 00:01:10]} {[%emt
00:00:01]} 42. Ke2 {[%clk 00:00:24]} {[%emt 00:00:03]} c3 {[%clk 00:01:11]} 43.
bxc3+ {[%clk 00:00:21]} {[%emt 00:00:06]} Kxc3 {[%clk 00:01:11]} {[%emt
00:00:02]} 44. Kd1 {[%clk 00:00:21]} {[%emt 00:00:01]} Kb2 {[%clk 00:01:11]}
{[%emt 00:00:01]} 45. Kd2 {[%clk 00:00:23]} {[%emt 00:00:02]} b3 {[%clk
00:01:11]} {[%emt 00:00:01]} 46. Kd1 {[%clk 00:00:23]} Ka1 {[%clk 00:01:11]}
{[%emt 00:00:02]} 47. Kc1 {[%clk 00:00:25]} b2 {[%emt 00:00:10]} 0-1

[Event "Turniej Blitza na II Lidze Juniorów 2018"]
[Site "Szczyrk, Poland"]
[Date "????.??.??"]
[Round "8.68"]
[White "Pieczewska, Jadwiga"]
[Black "Chrobot, Tomasz"]
[Result "1-0"]
[TimeControl "3'+2\""]
[WhiteElo "1035"]
[BlackElo "1172"]

1. c4 {[%clk 00:03:03]} c5 {[%clk 00:03:01]} {[%emt 00:00:03]} 2. Nc3 {[%clk
00:03:04]} {[%emt 00:00:01]} Nc6 {[%clk 00:03:02]} 3. g3 {[%clk 00:03:05]}
{[%emt 00:00:02]} g6 {[%clk 00:03:03]} 4. Bg2 {[%clk 00:03:06]} Bg7 {[%clk
00:03:04]} {[%emt 00:00:01]} 5. Nf3 {[%clk 00:03:07]} Nf6 {[%clk 00:03:04]}
{[%emt 00:00:01]} 6. O-O {[%clk 00:03:07]} {[%emt 00:00:02]} O-O {[%clk
00:03:04]} {[%emt 00:00:02]} 7. d4 {[%clk 00:03:08]} {[%emt 00:00:01]} cxd4
{[%clk 00:02:41]} {[%emt 00:00:25]} 8. Nxd4 {[%clk 00:03:09]} {[%emt 00:00:02]}
Nxd4 {[%clk 00:02:41]} {[%emt 00:00:02]} 9. Qxd4 {[%clk 00:03:09]} e6 {[%clk
00:02:24]} {[%emt 00:00:20]} 10. Bg5 {[%clk 00:03:02]} {[%emt 00:00:09]} h6
{[%clk 00:02:11]} {[%emt 00:00:15]} 11. Bxf6 {[%clk 00:03:01]} {[%emt
00:00:03]} Qxf6 {[%clk 00:02:09]} {[%emt 00:00:03]} 12. Qxf6 {[%clk 00:02:59]}
{[%emt 00:00:04]} Bxf6 {[%clk 00:02:10]} {[%emt 00:00:01]} 13. Rad1 {[%clk
00:02:58]} {[%emt 00:00:03]} Bxc3 {[%clk 00:02:07]} {[%emt 00:00:06]} 14. bxc3
{[%clk 00:02:59]} Rb8 {[%clk 00:01:56]} {[%emt 00:00:12]} 15. Rfe1 {[%clk
00:02:53]} {[%emt 00:00:08]} b6 {[%clk 00:01:56]} {[%emt 00:00:02]} 16. a3
{[%clk 00:02:47]} {[%emt 00:00:09]} Rd8 {[%clk 00:01:52]} {[%emt 00:00:05]} 17.
Rb1 {[%clk 00:02:37]} {[%emt 00:00:12]} Bb7 {[%clk 00:01:48]} {[%emt 00:00:05]}
18. Bxb7 {[%clk 00:02:37]} {[%emt 00:00:03]} Rxb7 {[%clk 00:01:49]} 19. Kg2
{[%clk 00:02:38]} {[%emt 00:00:02]} Rc8 {[%clk 00:01:40]} {[%emt 00:00:11]} 20.
Rb4 {[%clk 00:02:25]} {[%emt 00:00:16]} a5 {[%clk 00:01:33]} {[%emt 00:00:08]}
21. Ra4 {[%clk 00:02:25]} {[%emt 00:00:02]} d5 {[%clk 00:01:28]} {[%emt
00:00:07]} 22. cxd5 {[%clk 00:02:25]} {[%emt 00:00:03]} exd5 {[%clk 00:01:29]}
{[%emt 00:00:01]} 23. Rd1 {[%clk 00:02:26]} Rd7 {[%clk 00:01:16]} {[%emt
00:00:14]} 24. c4 {[%clk 00:02:26]} {[%emt 00:00:02]} Rcd8 {[%clk 00:01:13]}
{[%emt 00:00:05]} 25. cxd5 {[%clk 00:02:24]} {[%emt 00:00:05]} Rxd5 {[%clk
00:01:14]} 26. Rxd5 {[%clk 00:02:24]} {[%emt 00:00:02]} Rxd5 {[%clk 00:01:15]}
{[%emt 00:00:01]} 27. Rc4 {[%clk 00:02:21]} {[%emt 00:00:04]} Rd6 {[%clk
00:01:11]} {[%emt 00:00:06]} 28. h3 {[%clk 00:02:15]} {[%emt 00:00:09]} f5
{[%clk 00:01:11]} {[%emt 00:00:02]} 29. Rc8+ {[%clk 00:02:09]} {[%emt
00:00:07]} Kf7 {[%clk 00:01:12]} {[%emt 00:00:02]} 30. Rc7+ {[%clk 00:02:09]}
{[%emt 00:00:01]} Kf6 {[%clk 00:01:11]} {[%emt 00:00:03]} 31. Rc3 {[%clk
00:02:05]} {[%emt 00:00:05]} Re6 {[%clk 00:01:02]} {[%emt 00:00:13]} 32. e3
{[%clk 00:02:04]} {[%emt 00:00:03]} Ke7 {[%clk 00:00:50]} {[%emt 00:00:13]} 33.
g4 {[%clk 00:02:02]} {[%emt 00:00:05]} fxg4 {[%clk 00:00:50]} {[%emt 00:00:02]}
34. hxg4 {[%clk 00:02:03]} Kd7 {[%clk 00:00:43]} {[%emt 00:00:08]} 35. Kg3
{[%clk 00:02:03]} {[%emt 00:00:03]} b5 {[%clk 00:00:32]} {[%emt 00:00:13]} 36.
Kh3 {[%clk 00:01:41]} {[%emt 00:00:23]} b4 {[%clk 00:00:27]} {[%emt 00:00:07]}
37. axb4 {[%clk 00:01:40]} {[%emt 00:00:03]} axb4 {[%clk 00:00:28]} 38. Rb3
{[%clk 00:01:41]} Rb6 {[%clk 00:00:26]} {[%emt 00:00:04]} 39. Kh4 {[%clk
00:01:37]} {[%emt 00:00:07]} Kc6 {[%clk 00:00:27]} 40. g5 {[%clk 00:01:39]}
{[%emt 00:00:01]} h5 {[%clk 00:00:28]} {[%emt 00:00:01]} 41. f4 {[%clk
00:01:37]} {[%emt 00:00:04]} Kb5 {[%clk 00:00:28]} 42. f5 {[%clk 00:01:38]}
{[%emt 00:00:01]} Ka4 {[%clk 00:00:26]} {[%emt 00:00:05]} 43. Rb1 {[%clk
00:01:39]} {[%emt 00:00:01]} b3 {[%clk 00:00:18]} {[%emt 00:00:09]} 44. f6
{[%clk 00:01:41]} {[%emt 00:00:01]} Rb8 {[%clk 00:00:12]} {[%emt 00:00:08]} 45.
e4 {[%clk 00:01:41]} {[%emt 00:00:02]} Kb4 {[%clk 00:00:12]} {[%emt 00:00:01]}
46. e5 {[%clk 00:01:41]} {[%emt 00:00:02]} Kc3 {[%clk 00:00:08]} {[%emt
00:00:06]} 47. e6 {[%clk 00:01:42]} {[%emt 00:00:02]} Kc2 {[%clk 00:00:09]} 48.
Re1 {[%clk 00:01:35]} {[%emt 00:00:08]} b2 {[%clk 00:00:09]} {[%emt 00:00:03]}
49. e7 {[%clk 00:01:36]} {[%emt 00:00:01]} Re8 {[%clk 00:00:07]} {[%emt
00:00:03]} 50. f7 {[%clk 00:01:37]} {[%emt 00:00:01]} 1-0